LEADER 01794nam a2200349 a 4500 001 000000172185 003 CaOOAMICUS 005 20190628172715.0 008 190628s2018 it afbo u000 u ita r 020 $a978-88-255-1301-1 032 $aLibriCat 040 $aPUL$bita 082 04$a302.2 245 10$aComunicare l'Africa :$bun'ermeneutica attuale delle lingue e dei linguaggi della comunicazione sociale / $ca cura di Alessandro Suzzi Valli ; prefazione di Cristiana Freni ; introduzione di Martin Nkafu Nkemnkia ; contributi di Andrea Alejo Jara ...[et al.]. 260 $aRoma :$bAracne,$cİ2018. 300 $a411 p :$bill., carte geografiche, foto anche a colori ;$c21 cm 490 1 $aA 14. Aracne 650 4$aComunicazioni di massa$zAfrica.$0(OLS)http://pul/subject/46021 651 4$aAfrica$xLingua.$0(OLS)http://pul/subject/34146 651 4$aAfrica$xStoria culturale.$0(OLS)http://pul/subject/20411 700 1 $aNkafu Nkemnkia, Martin,$d1950-$0(OLS)http://pul/name/36215 700 1 $aSuzzi Valli, Alessandro.$0(OLS)http://pul/name/110517 700 1 $aFreni, Cristiana,$d1968-$0(OLS)http://pul/name/105124 830 0$aA 14. Scienze politiche e sociali (Aracne).$0(OLS)http://pul/title/151837 850 $aPUL 852 $aPUL$W1$xSL Diritto e Scienze Sociali 3$y79$m302. 2 SUZAL 1$j196122$qDDC 21$B200874$CPULBib$Z2$F200874 $H133049 $81 941 1 $a9 996 $6020$a978-88-255-1301-1$9(OLS)http://pul/number/166313 996 $6082$a302.2$9(OLS)http://pul/classification/1735 996 $6245$aComunicare l'Africa :$bun'ermeneutica attuale delle lingue e dei linguaggi della comunicazione sociale / $9(OLS)http://pul/title/213090 996 $6260$aRoma :$bAracne$9(OLS)http://pul/publisher/62189 LEADER 01603nam a2200349 a 4500 001 000000170555 003 CaOOAMICUS 005 20181116131237.0 008 181116s1991 it u000 u ita r 020 $a88-01-11076-6* 032 $aLibriCat 040 $aPUL$bita 082 14$a231.3 245 00$aCredo nello Spirito Santo :$n1. Nel mistero di Cristo e della Chiesa /$cpresentazione di mons. Pietro Rossano ; a cura dell'Ufficio Catechistico Nazionale . 246 01$aNel mistero di Cristo e della Chiesa 260 $aLeumann (Torino) :$bElle Di Ci,$cİ1991. 300 $a287 p. ; $c20 cm. 490 1 $aCredo. Le catechesi del Papa ;$v06 650 4$aSpiritus Sanctus.$0(OLS)http://pul/subject/903 700 1 $aRossano, Pietro,$cvescovo,$d1923-1991.$0(OLS)http://pul/name/122 710 1 $aUfficio Catechistico Nazionale.$0(OLS)http://pul/name/49011 830 0$aCredo. Le catechesi del Papa ;$v06.$0(OLS)http://pul/title/211343 850 $aPUL 852 $aPUL$W1$xSL Religione 3$y85$m231. 3 GIOPA2 1$j193375$qDDC 21$B198888$CPULBib$Z2$F198888 $H131625 $81 941 1 $a9 960 $aSpirito Santo$9903 996 $6020$a88-01-11076-6*$9(OLS)http://pul/number/165314 996 $6082$a231.3$9(OLS)http://pul/classification/2274 996 $6245$aCredo nello Spirito Santo :$n1. Nel mistero di Cristo e della Chiesa$9(OLS)http://pul/title/211342 996 $6246$aNel mistero di Cristo e della Chiesa $9(OLS)http://pul/title/211344 996 $6260$aLeumann (Torino) :$bElle Di Ci$9(OLS)http://pul/publisher/53685